| 000 | 00604nam a22002057a 4500 | ||
|---|---|---|---|
| 005 | 20221020145225.0 | ||
| 008 | 221020b ||||| |||| 00| 0 eng d | ||
| 040 | _cAL | ||
| 041 | _aeng | ||
| 082 |
_223 _a354.5 _bGOVA |
||
| 100 |
_aGovernment of West Begal _960044 |
||
| 245 | _aAppropriation accounts1998-99 | ||
| 260 |
_aWest Bengal _bGovernment of West Bengal _c1999 |
||
| 300 |
_a317p. _bHB _c30x21cm. |
||
| 650 |
_aState Legislatures _960045 |
||
| 650 |
_aPublic Service Commission _960046 |
||
| 650 |
_aSocial Security _960047 |
||
| 700 |
_aGOVERNMENT OF WEST BENGAL _960048 |
||
| 942 |
_2ddc _cGF |
||
| 999 |
_c224894 _d224894 |
||